| 000 | 00568nam a2200181 a 4500 | ||
|---|---|---|---|
| 001 | 000036769 | ||
| 005 | 20200930075927.0 | ||
| 008 | 120131s19uu xxua 000 0 spa d | ||
| 040 |
_aDO-SdBNP _bspa _cBNPHU |
||
| 082 |
_axxxx _bL587w |
||
| 100 | 1 |
_aLeopold, Luna B. _c(Luna Bergere) _963098 |
|
| 245 | 1 | 0 |
_aWater / _cLuna B. Leopold, Kenneth S. Davis. |
| 260 |
_aNew York : _bTime Life Books, _c[196-]? |
||
| 300 |
_a200 p. : _bil. ; _c28 cm. |
||
| 490 | 1 | _aLife science library | |
| 700 | 1 |
_aDavis, Kenneth Sydney, _d1912- _963099 |
|
| 830 | 0 |
_aLife science library _925802 |
|
| 999 |
_c36260 _d36260 |
||